[Event "English Schools Championship Final 2024"]
[Site "Nottingham University Kings Meadow Campus, United Kingdom"]
[Date "2024.06.28"]
[Round "5.9"]
[White "Vyas, Alisha"]
[Black "Shidlagatta, Anirudh"]
[Result "0-1"]
[TimeControl "G50' + 10\" per move."]
[WhiteFideId "461318"]
[BlackFideId "469475"]
[WhiteElo "1938"]
[BlackElo "1918"]

1. e4 {[%clk 00:50:19]} {[%emt 00:00:03]} e6 {[%clk 00:50:15]} {[%emt
00:00:03]} 2. d4 {[%clk 00:50:23]} {[%emt 00:00:07]} d5 {[%clk 00:50:21]}
{[%emt 00:00:04]} 3. Nd2 {[%clk 00:50:29]} {[%emt 00:00:04]} Nf6 {[%clk
00:50:23]} {[%emt 00:00:07]} 4. Bd3 {[%clk 00:50:25]} {[%emt 00:00:14]} c5
{[%clk 00:50:12]} {[%emt 00:00:21]} 5. c3 {[%clk 00:50:29]} {[%emt 00:00:05]}
Nc6 {[%clk 00:50:14]} {[%emt 00:00:09]} 6. Ne2 {[%clk 00:50:11]} {[%emt
00:00:28]} cxd4 {[%clk 00:49:14]} {[%emt 00:01:09]} 7. cxd4 {[%clk 00:50:06]}
{[%emt 00:00:15]} dxe4 {[%clk 00:48:46]} {[%emt 00:00:39]} 8. Nxe4 {[%clk
00:50:10]} {[%emt 00:00:07]} Bb4+ {[%clk 00:47:51]} {[%emt 00:01:04]} 9. Bd2
{[%clk 00:47:08]} {[%emt 00:03:12]} O-O {[%clk 00:41:36]} {[%emt 00:06:25]} 10.
O-O {[%clk 00:46:18]} {[%emt 00:01:00]} Bxd2 {[%clk 00:39:33]} {[%emt
00:02:12]} 11. Qxd2 {[%clk 00:46:05]} {[%emt 00:00:24]} b6 {[%clk 00:34:22]}
{[%emt 00:05:21]} 12. Nxf6+ {[%clk 00:34:35]} {[%emt 00:11:40]} Qxf6 {[%clk
00:34:19]} {[%emt 00:00:12]} 13. Bxh7+ {[%clk 00:34:42]} {[%emt 00:00:03]} Kxh7
{[%clk 00:33:05]} {[%emt 00:01:24]} 14. Qc2+ {[%clk 00:34:49]} {[%emt
00:00:04]} Kg8 {[%clk 00:32:57]} {[%emt 00:00:18]} 15. Qxc6 {[%clk 00:34:56]}
{[%emt 00:00:03]} Ba6 {[%clk 00:32:39]} {[%emt 00:00:28]} 16. Qe4 {[%clk
00:32:15]} {[%emt 00:02:49]} Bxe2 {[%clk 00:31:30]} {[%emt 00:01:20]} 17. Qxe2
{[%clk 00:32:24]} {[%emt 00:00:02]} Qxd4 {[%clk 00:29:54]} {[%emt 00:01:46]} 18.
Rfd1 {[%clk 00:32:29]} {[%emt 00:00:05]} Qf6 {[%clk 00:29:25]} {[%emt
00:00:38]} 19. Rac1 {[%clk 00:26:15]} {[%emt 00:06:25]} Rac8 {[%clk 00:28:28]}
{[%emt 00:01:07]} 20. b3 {[%clk 00:25:20]} {[%emt 00:01:04]} Qg5 {[%clk
00:27:34]} {[%emt 00:01:04]} 21. Rc2 {[%clk 00:22:10]} {[%emt 00:03:20]} Rc5
{[%clk 00:25:20]} {[%emt 00:02:24]} 22. Rxc5 {[%clk 00:17:47]} {[%emt
00:04:33]} Qxc5 {[%clk 00:25:24]} {[%emt 00:00:07]} 23. h3 {[%clk 00:17:38]}
{[%emt 00:00:19]} Rc8 {[%clk 00:24:11]} {[%emt 00:01:23]} 24. Qe4 {[%clk
00:12:17]} {[%emt 00:05:30]} Qe7 {[%clk 00:18:40]} {[%emt 00:05:42]} 25. Qd3
{[%clk 00:11:27]} {[%emt 00:01:00]} Qa3 {[%clk 00:12:38]} {[%emt 00:06:12]} 26.
Qd2 {[%clk 00:07:09]} {[%emt 00:04:28]} a5 {[%clk 00:09:27]} {[%emt 00:03:21]}
27. Kh2 {[%clk 00:06:49]} {[%emt 00:00:29]} Qc5 {[%clk 00:08:47]} {[%emt
00:00:51]} 28. Kg1 {[%clk 00:03:45]} {[%emt 00:03:13]} Qa3 {[%clk 00:05:05]}
{[%emt 00:03:52]} 29. Kh2 {[%clk 00:02:50]} {[%emt 00:01:06]} Qc5 {[%clk
00:03:58]} {[%emt 00:01:16]} 30. Qd7 {[%clk 00:00:49]} {[%emt 00:02:11]} Qc7+
{[%clk 00:03:43]} {[%emt 00:00:25]} 31. Qxc7 {[%clk 00:00:58]} Rxc7 {[%clk
00:03:46]} {[%emt 00:00:08]} 32. Rd8+ {[%clk 00:01:07]} {[%emt 00:00:01]} Kh7
{[%clk 00:03:44]} {[%emt 00:00:11]} 33. Rd2 {[%clk 00:00:25]} {[%emt 00:00:52]}
Kg6 {[%clk 00:03:39]} {[%emt 00:00:16]} 34. Kg3 {[%clk 00:00:34]} {[%emt
00:00:01]} Rc3+ {[%clk 00:03:04]} {[%emt 00:00:44]} 35. f3 {[%clk 00:00:25]}
{[%emt 00:00:19]} b5 {[%clk 00:02:01]} {[%emt 00:01:14]} 36. Re2 {[%clk
00:00:19]} {[%emt 00:00:17]} a4 {[%clk 00:01:03]} {[%emt 00:01:06]} 37. b4
{[%clk 00:00:16]} {[%emt 00:00:14]} Rc4 {[%clk 00:01:00]} {[%emt 00:00:13]} 38.
Rb2 {[%clk 00:00:23]} {[%emt 00:00:02]} Kf5 {[%clk 00:00:58]} {[%emt 00:00:13]}
39. a3 {[%clk 00:00:17]} {[%emt 00:00:16]} Rc3 {[%clk 00:01:02]} {[%emt
00:00:05]} 40. Ra2 {[%clk 00:00:26]} {[%emt 00:00:01]} Ke5 {[%clk 00:01:02]}
{[%emt 00:00:11]} 41. Kf2 {[%clk 00:00:26]} {[%emt 00:00:09]} Kd4 {[%clk
00:00:59]} {[%emt 00:00:14]} 42. Ke2 {[%clk 00:00:24]} {[%emt 00:00:12]} Kc4
{[%clk 00:00:56]} {[%emt 00:00:12]} 43. Kd2 {[%clk 00:00:26]} {[%emt 00:00:08]}
Kb3 {[%clk 00:00:36]} {[%emt 00:00:31]} 44. Ra1 {[%clk 00:00:28]} {[%emt
00:00:06]} Rc2+ {[%clk 00:00:42]} {[%emt 00:00:06]} 45. Kd3 {[%clk 00:00:25]}
{[%emt 00:00:13]} Rxg2 {[%clk 00:00:35]} {[%emt 00:00:16]} 46. Rb1+ {[%clk
00:00:20]} {[%emt 00:00:16]} Rb2 {[%clk 00:00:32]} {[%emt 00:00:13]} 47. Rc1
{[%clk 00:00:18]} {[%emt 00:00:11]} Kxa3 {[%clk 00:00:37]} {[%emt 00:00:06]} 48.
Kc3 {[%clk 00:00:25]} {[%emt 00:00:01]} Rb3 {[%clk 00:00:37]} {[%emt 00:00:11]}
49. Kc2 {[%clk 00:00:22]} {[%emt 00:00:12]} Kxb4 {[%clk 00:00:45]} {[%emt
00:00:04]} 50. Rg1 {[%clk 00:00:31]} Rxf3 {[%clk 00:00:30]} {[%emt 00:00:24]}
51. Rxg7 {[%clk 00:00:31]} {[%emt 00:00:10]} Rxh3 {[%clk 00:00:36]} {[%emt
00:00:05]} 52. Rxf7 {[%clk 00:00:40]} Rh2+ {[%clk 00:00:25]} {[%emt 00:00:20]}
53. Kb1 {[%clk 00:00:41]} {[%emt 00:00:08]} Rh4 {[%clk 00:00:30]} {[%emt
00:00:06]} 54. Re7 {[%clk 00:00:20]} {[%emt 00:00:31]} Re4 {[%clk 00:00:37]}
{[%emt 00:00:03]} 55. Kc2 {[%clk 00:00:21]} {[%emt 00:00:09]} a3 {[%clk
00:00:33]} {[%emt 00:00:14]} 56. Ra7 {[%clk 00:00:24]} {[%emt 00:00:07]} Rc4+
{[%clk 00:00:36]} {[%emt 00:00:07]} 57. Kb1 {[%clk 00:00:24]} {[%emt 00:00:08]}
Kb3 {[%clk 00:00:44]} {[%emt 00:00:05]} 58. Rf7 {[%clk 00:00:20]} {[%emt
00:00:13]} a2+ {[%clk 00:00:51]} {[%emt 00:00:03]} 59. Ka1 {[%clk 00:00:29]}
Rc1# {[%emt 00:00:18]} 0-1

[Event "English Schools Championship Final 2024"]
[Site "Nottingham University Kings Meadow Campus, United Kingdom"]
[Date "2024.06.28"]
[Round "5.10"]
[White "Wang, Luoke"]
[Black "Yu, Daniel"]
[Result "1/2-1/2"]
[TimeControl "G50' + 10\" per move."]
[WhiteFideId "499293"]
[BlackFideId "472077"]
[WhiteElo "1953"]
[BlackElo "2017"]

1. d4 {[%clk 00:50:11]} {[%emt 00:00:08]} d5 {[%clk 00:50:18]} {[%emt
00:00:02]} 2. c4 {[%clk 00:50:08]} {[%emt 00:00:13]} e6 {[%clk 00:50:26]}
{[%emt 00:00:03]} 3. Nf3 {[%clk 00:49:50]} {[%emt 00:00:29]} a6 {[%clk
00:50:12]} {[%emt 00:00:23]} 4. g3 {[%clk 00:48:41]} {[%emt 00:01:20]} dxc4
{[%clk 00:49:52]} {[%emt 00:00:30]} 5. Bg2 {[%clk 00:48:18]} {[%emt 00:00:31]}
Nf6 {[%clk 00:47:57]} {[%emt 00:02:06]} 6. O-O {[%clk 00:47:29]} {[%emt
00:01:00]} Nbd7 {[%clk 00:46:55]} {[%emt 00:01:12]} 7. Qc2 {[%clk 00:45:19]}
{[%emt 00:02:19]} c5 {[%clk 00:45:38]} {[%emt 00:01:26]} 8. e3 {[%clk
00:38:34]} {[%emt 00:06:56]} Nd5 {[%clk 00:44:42]} {[%emt 00:01:07]} 9. Qxc4
{[%clk 00:33:36]} {[%emt 00:05:08]} b5 {[%clk 00:44:32]} {[%emt 00:00:20]} 10.
Qe2 {[%clk 00:33:30]} {[%emt 00:00:15]} cxd4 {[%clk 00:41:06]} {[%emt
00:03:36]} 11. exd4 {[%clk 00:31:43]} {[%emt 00:01:56]} Be7 {[%clk 00:40:24]}
{[%emt 00:00:53]} 12. Nc3 {[%clk 00:30:54]} {[%emt 00:01:00]} N7f6 {[%clk
00:39:24]} {[%emt 00:01:09]} 13. Ne5 {[%clk 00:29:06]} {[%emt 00:01:58]} Bb7
{[%clk 00:38:13]} {[%emt 00:01:21]} 14. Nxb5 {[%clk 00:23:51]} {[%emt
00:05:26]} O-O {[%clk 00:37:43]} {[%emt 00:00:40]} 15. Nc3 {[%clk 00:23:35]}
{[%emt 00:00:26]} Nxc3 {[%clk 00:37:25]} {[%emt 00:00:27]} 16. bxc3 {[%clk
00:23:33]} {[%emt 00:00:12]} Bxg2 {[%clk 00:37:28]} {[%emt 00:00:08]} 17. Kxg2
{[%clk 00:23:26]} {[%emt 00:00:17]} Rc8 {[%clk 00:34:58]} {[%emt 00:02:40]} 18.
Bb2 {[%clk 00:21:53]} {[%emt 00:01:43]} Qd5+ {[%clk 00:33:42]} {[%emt
00:01:26]} 19. Qf3 {[%clk 00:20:38]} {[%emt 00:01:24]} Qa5 {[%clk 00:29:49]}
{[%emt 00:04:01]} 20. Nc6 {[%clk 00:17:29]} {[%emt 00:03:21]} Qc7 {[%clk
00:29:50]} {[%emt 00:00:08]} 21. Nxe7+ {[%clk 00:17:32]} {[%emt 00:00:09]} Qxe7
{[%clk 00:29:59]} 22. c4 {[%clk 00:16:42]} {[%emt 00:00:59]} Rfd8 {[%clk
00:28:17]} {[%emt 00:01:51]} 23. Rac1 {[%clk 00:16:42]} {[%emt 00:00:11]} Rd7
{[%clk 00:27:34]} {[%emt 00:00:53]} 24. Rfd1 {[%clk 00:16:25]} {[%emt
00:00:27]} Qb4 {[%clk 00:27:08]} {[%emt 00:00:35]} 25. Ba3 {[%clk 00:15:08]}
{[%emt 00:01:29]} Qa4 {[%clk 00:23:37]} {[%emt 00:03:41]} 26. Qb3 {[%clk
00:12:23]} {[%emt 00:02:55]} Qc6+ {[%clk 00:23:00]} {[%emt 00:00:46]} 27. f3
{[%clk 00:08:03]} {[%emt 00:04:30]} Rcd8 {[%clk 00:19:44]} {[%emt 00:03:26]} 28.
Bc5 {[%clk 00:07:17]} {[%emt 00:00:56]} e5 {[%clk 00:18:19]} {[%emt 00:01:36]}
29. Qb6 {[%clk 00:06:18]} {[%emt 00:01:09]} Qa4 {[%clk 00:17:47]} {[%emt
00:00:41]} 30. Be7 {[%clk 00:04:59]} {[%emt 00:01:30]} Qxa2+ {[%clk 00:14:55]}
{[%emt 00:03:01]} 31. Kg1 {[%clk 00:05:02]} {[%emt 00:00:06]} e4 {[%clk
00:11:05]} {[%emt 00:04:01]} 32. Rf1 {[%clk 00:01:56]} {[%emt 00:03:16]} Qd2
{[%clk 00:09:09]} {[%emt 00:02:06]} 33. Rcd1 {[%clk 00:00:27]} {[%emt
00:01:39]} Qc2 {[%clk 00:07:54]} {[%emt 00:01:26]} 34. Rc1 {[%clk 00:00:22]}
{[%emt 00:00:15]} Qd2 {[%clk 00:07:58]} {[%emt 00:00:06]} 35. Rcd1 {[%clk
00:00:31]} {[%emt 00:00:01]} Qc2 {[%clk 00:08:06]} 36. Rc1 {[%clk 00:00:39]}
{[%emt 00:00:02]} 1/2-1/2

[Event "English Schools Championship Final 2024"]
[Site "Nottingham University Kings Meadow Campus, United Kingdom"]
[Date "2024.06.28"]
[Round "5.11"]
[White "Zheng, Jerry Z"]
[Black "Lapidus, Alexey M"]
[Result "0-1"]
[TimeControl "G50' + 10\" per move."]
[WhiteFideId "460990"]
[BlackFideId "24276111"]
[WhiteElo "1904"]
[BlackElo "1781"]

1. e4 {[%clk 00:50:19]} c5 {[%clk 00:50:19]} {[%emt 00:00:03]} 2. Nf3 {[%clk
00:50:23]} {[%emt 00:00:05]} e6 {[%clk 00:50:22]} {[%emt 00:00:07]} 3. d4
{[%clk 00:50:14]} {[%emt 00:00:19]} cxd4 {[%clk 00:50:29]} {[%emt 00:00:05]} 4.
Nxd4 {[%clk 00:50:17]} {[%emt 00:00:04]} Nc6 {[%clk 00:50:37]} {[%emt
00:00:03]} 5. Nc3 {[%clk 00:50:16]} {[%emt 00:00:10]} Qc7 {[%clk 00:50:38]}
{[%emt 00:00:08]} 6. Be3 {[%clk 00:50:15]} {[%emt 00:00:12]} a6 {[%clk
00:50:46]} {[%emt 00:00:02]} 7. Qd2 {[%clk 00:49:50]} {[%emt 00:00:35]} Nf6
{[%clk 00:50:21]} {[%emt 00:00:35]} 8. f3 {[%clk 00:49:52]} {[%emt 00:00:07]}
Be7 {[%clk 00:49:37]} {[%emt 00:00:55]} 9. Be2 {[%clk 00:45:52]} {[%emt
00:04:10]} Ne5 {[%clk 00:46:51]} {[%emt 00:02:56]} 10. O-O {[%clk 00:36:35]}
{[%emt 00:09:27]} b5 {[%clk 00:41:25]} {[%emt 00:05:35]} 11. Bf4 {[%clk
00:27:13]} {[%emt 00:09:33]} d6 {[%clk 00:39:41]} {[%emt 00:01:54]} 12. a3
{[%clk 00:25:38]} {[%emt 00:01:46]} Bb7 {[%clk 00:33:49]} {[%emt 00:06:02]} 13.
Rad1 {[%clk 00:20:50]} {[%emt 00:04:57]} O-O {[%clk 00:30:20]} {[%emt
00:03:39]} 14. Bg3 {[%clk 00:17:32]} {[%emt 00:03:28]} Rfd8 {[%clk 00:26:06]}
{[%emt 00:04:24]} 15. Kh1 {[%clk 00:14:11]} {[%emt 00:03:31]} Rac8 {[%clk
00:22:46]} {[%emt 00:03:30]} 16. f4 {[%clk 00:13:04]} {[%emt 00:01:17]} Nc4
{[%clk 00:21:36]} {[%emt 00:01:20]} 17. Bxc4 {[%clk 00:13:02]} {[%emt
00:00:12]} Qxc4 {[%clk 00:20:08]} {[%emt 00:01:38]} 18. e5 {[%clk 00:08:38]}
{[%emt 00:04:34]} dxe5 {[%clk 00:18:07]} {[%emt 00:02:12]} 19. fxe5 {[%clk
00:08:37]} {[%emt 00:00:10]} Ne4 {[%clk 00:12:53]} {[%emt 00:05:23]} 20. Nxe4
{[%clk 00:06:41]} {[%emt 00:02:07]} Bxe4 {[%clk 00:13:01]} {[%emt 00:00:03]} 21.
Qf4 {[%clk 00:06:03]} {[%emt 00:00:47]} Bg6 {[%clk 00:08:39]} {[%emt 00:04:32]}
22. c3 {[%clk 00:04:40]} {[%emt 00:01:32]} a5 {[%clk 00:06:07]} {[%emt
00:02:43]} 23. Qf3 {[%clk 00:00:58]} {[%emt 00:03:51]} Rc7 {[%clk 00:03:08]}
{[%emt 00:03:10]} 24. Rd2 {[%clk 00:00:19]} {[%emt 00:00:49]} Bh5 {[%clk
00:02:23]} {[%emt 00:00:55]} 25. Qf4 {[%clk 00:00:13]} {[%emt 00:00:16]} Bg5
{[%clk 00:02:15]} {[%emt 00:00:18]} 26. Qf2 {[%clk 00:00:14]} {[%emt 00:00:09]}
Bxd2 {[%clk 00:02:17]} {[%emt 00:00:08]} 27. Rg1 {[%clk 00:00:12]} {[%emt
00:00:13]} Bg5 {[%clk 00:02:00]} {[%emt 00:00:26]} 28. Nf3 {[%clk 00:00:11]}
{[%emt 00:00:11]} Bxf3 {[%clk 00:01:54]} {[%emt 00:00:16]} 29. Qxf3 {[%clk
00:00:19]} {[%emt 00:00:01]} Qd3 {[%clk 00:01:50]} {[%emt 00:00:15]} 30. Qg4
{[%clk 00:00:13]} {[%emt 00:00:16]} Qf5 {[%clk 00:01:35]} {[%emt 00:00:25]} 31.
Qe2 {[%clk 00:00:12]} {[%emt 00:00:11]} b4 {[%clk 00:01:23]} {[%emt 00:00:22]}
32. axb4 {[%clk 00:00:16]} {[%emt 00:00:06]} axb4 {[%clk 00:01:29]} {[%emt
00:00:05]} 33. Rf1 {[%clk 00:00:16]} {[%emt 00:00:09]} Qd3 {[%clk 00:01:27]}
{[%emt 00:00:11]} 34. Qf2 {[%clk 00:00:16]} {[%emt 00:00:11]} bxc3 {[%clk
00:01:23]} {[%emt 00:00:14]} 35. bxc3 {[%clk 00:00:24]} {[%emt 00:00:02]} Qxc3
{[%clk 00:01:25]} {[%emt 00:00:09]} 36. Qb6 {[%clk 00:00:15]} {[%emt 00:00:19]}
Qc5 {[%clk 00:00:58]} {[%emt 00:00:36]} 37. Qb3 {[%clk 00:00:14]} {[%emt
00:00:11]} Qc4 {[%clk 00:01:00]} {[%emt 00:00:09]} 38. Qf3 {[%clk 00:00:13]}
{[%emt 00:00:10]} Qd3 {[%clk 00:00:49]} {[%emt 00:00:21]} 39. Qf2 {[%clk
00:00:13]} {[%emt 00:00:10]} h6 {[%clk 00:00:23]} {[%emt 00:00:37]} 40. Bf4
{[%clk 00:00:16]} {[%emt 00:00:06]} Bxf4 {[%clk 00:00:23]} {[%emt 00:00:10]} 41.
Qxf4 {[%clk 00:00:24]} {[%emt 00:00:01]} Qf5 {[%clk 00:00:23]} {[%emt
00:00:11]} 42. Qxf5 {[%clk 00:00:13]} {[%emt 00:00:21]} exf5 {[%clk 00:00:31]}
{[%emt 00:00:02]} 43. h3 {[%clk 00:00:15]} {[%emt 00:00:08]} g6 {[%clk
00:00:39]} {[%emt 00:00:02]} 44. Kh2 {[%clk 00:00:13]} {[%emt 00:00:12]} Re8
{[%clk 00:00:45]} {[%emt 00:00:04]} 45. Re1 {[%clk 00:00:20]} {[%emt 00:00:03]}
Rce7 {[%clk 00:00:54]} {[%emt 00:00:01]} 46. Ra1 {[%clk 00:00:13]} {[%emt
00:00:17]} Rxe5 {[%clk 00:01:02]} {[%emt 00:00:02]} 47. Ra6 {[%clk 00:00:20]}
{[%emt 00:00:04]} Re2 {[%clk 00:01:09]} {[%emt 00:00:02]} 48. Kg3 {[%clk
00:00:27]} {[%emt 00:00:02]} R8e3+ {[%clk 00:01:05]} {[%emt 00:00:15]} 49. Kh2
{[%clk 00:00:29]} {[%emt 00:00:08]} Rd3 {[%clk 00:01:10]} {[%emt 00:00:05]} 50.
Ra1 {[%clk 00:00:16]} {[%emt 00:00:23]} Rdd2 {[%clk 00:01:07]} {[%emt
00:00:13]} 51. Rg1 {[%clk 00:00:22]} {[%emt 00:00:04]} f4 {[%clk 00:01:16]}
{[%emt 00:00:02]} 52. Kh1 {[%clk 00:00:29]} {[%emt 00:00:02]} f3 {[%clk
00:01:23]} {[%emt 00:00:03]} 53. gxf3 {[%clk 00:00:18]} {[%emt 00:00:21]} Rh2#
{[%clk 00:01:32]} {[%emt 00:00:02]} 0-1

[Event "English Schools Championship Final 2024"]
[Site "Nottingham University Kings Meadow Campus, United Kingdom"]
[Date "2024.06.28"]
[Round "5.12"]
[White "Sharma, Naavya"]
[Black "Banerji, Kumar"]
[Result "0-1"]
[TimeControl "G50' + 10\" per move."]
[WhiteFideId "463132"]
[BlackFideId "459666"]
[WhiteElo "1759"]
[BlackElo "1847"]

1. d4 {[%clk 00:50:17]} {[%emt 00:00:02]} Nf6 {[%emt 00:00:20]} 2. c4 {[%clk
00:50:19]} g6 {[%clk 00:50:11]} {[%emt 00:00:07]} 3. Nc3 {[%clk 00:50:23]}
{[%emt 00:00:07]} Bg7 {[%clk 00:50:10]} {[%emt 00:00:12]} 4. g3 {[%clk
00:50:25]} {[%emt 00:00:07]} O-O {[%clk 00:49:42]} {[%emt 00:00:37]} 5. Bg2
{[%clk 00:50:23]} {[%emt 00:00:13]} c6 {[%clk 00:49:00]} {[%emt 00:00:52]} 6.
e4 {[%clk 00:50:05]} {[%emt 00:00:28]} d6 {[%clk 00:48:37]} {[%emt 00:00:33]} 7.
Nf3 {[%clk 00:49:34]} {[%emt 00:00:41]} e5 {[%clk 00:43:59]} {[%emt 00:04:48]}
8. O-O {[%clk 00:47:14]} {[%emt 00:02:30]} Bg4 {[%clk 00:42:14]} {[%emt
00:01:55]} 9. d5 {[%clk 00:46:13]} {[%emt 00:01:10]} cxd5 {[%clk 00:32:06]}
{[%emt 00:10:19]} 10. cxd5 {[%clk 00:45:54]} {[%emt 00:00:28]} Nxe4 {[%clk
00:31:09]} {[%emt 00:01:07]} 11. Nxe4 {[%clk 00:43:53]} {[%emt 00:02:12]} f5
{[%clk 00:31:03]} {[%emt 00:00:16]} 12. Neg5 {[%clk 00:42:35]} {[%emt
00:01:27]} e4 {[%clk 00:29:30]} {[%emt 00:01:44]} 13. Ne6 {[%clk 00:40:16]}
{[%emt 00:02:29]} exf3 {[%clk 00:28:09]} {[%emt 00:01:30]} 14. Bxf3 {[%clk
00:37:11]} {[%emt 00:03:15]} Bxf3 {[%clk 00:23:29]} {[%emt 00:04:50]} 15. Qxf3
{[%clk 00:36:21]} {[%emt 00:01:01]} Qb6 {[%clk 00:22:54]} {[%emt 00:00:45]} 16.
Nxf8 {[%clk 00:36:06]} {[%emt 00:00:24]} Kxf8 {[%clk 00:22:57]} {[%emt
00:00:07]} 17. g4 {[%clk 00:34:47]} {[%emt 00:01:29]} Nd7 {[%clk 00:18:41]}
{[%emt 00:04:26]} 18. gxf5 {[%clk 00:31:23]} {[%emt 00:03:34]} Ne5 {[%clk
00:17:39]} {[%emt 00:01:12]} 19. Qf4 {[%clk 00:24:46]} {[%emt 00:06:48]} Nd3
{[%clk 00:16:09]} {[%emt 00:01:40]} 20. Qe4 {[%clk 00:23:49]} {[%emt 00:01:06]}
Nc5 {[%clk 00:03:41]} {[%emt 00:12:38]} 21. Qf3 {[%clk 00:21:25]} {[%emt
00:02:35]} Kg8 {[%clk 00:03:18]} {[%emt 00:00:34]} 22. fxg6 {[%clk 00:20:07]}
{[%emt 00:01:27]} hxg6 {[%clk 00:03:27]} {[%emt 00:00:02]} 23. Re1 {[%clk
00:18:40]} {[%emt 00:01:37]} Rf8 {[%clk 00:03:27]} {[%emt 00:00:09]} 24. Qg3
{[%clk 00:18:01]} {[%emt 00:00:48]} Nd3 {[%clk 00:02:52]} {[%emt 00:00:45]} 25.
Be3 {[%clk 00:11:58]} {[%emt 00:06:13]} Qxb2 {[%clk 00:02:37]} {[%emt
00:00:26]} 26. Red1 {[%clk 00:10:28]} {[%emt 00:01:40]} Qe2 {[%clk 00:01:45]}
{[%emt 00:01:02]} 27. Rd2 {[%clk 00:06:37]} {[%emt 00:04:01]} Qh5 {[%emt
00:02:42]} 28. Rf1 {[%clk 00:04:07]} Ne5 {[%clk 00:00:16]} {[%emt 00:01:47]} 29.
f4 {[%clk 00:04:05]} {[%emt 00:00:12]} Nc4 {[%clk 00:00:17]} {[%emt 00:00:10]}
30. Rc2 {[%clk 00:03:31]} {[%emt 00:00:43]} Nxe3 {[%clk 00:00:13]} {[%emt
00:00:14]} 31. Qxe3 {[%clk 00:03:40]} {[%emt 00:00:01]} Qxd5 {[%clk 00:00:17]}
{[%emt 00:00:06]} 32. Rd2 {[%clk 00:03:14]} {[%emt 00:00:36]} Qc6 {[%clk
00:00:26]} 33. Qe6+ {[%clk 00:03:07]} {[%emt 00:00:16]} Kh8 {[%clk 00:00:27]}
{[%emt 00:00:10]} 34. Qxd6 {[%clk 00:02:56]} {[%emt 00:00:21]} Qe4 {[%clk
00:00:23]} {[%emt 00:00:14]} 35. Qd3 {[%clk 00:02:43]} {[%emt 00:00:23]} Rxf4
{[%clk 00:00:16]} {[%emt 00:00:17]} 36. Qxe4 {[%clk 00:02:24]} {[%emt
00:00:29]} Rxe4 {[%clk 00:00:23]} {[%emt 00:00:03]} 37. Rd8+ {[%clk 00:02:33]}
Kh7 {[%clk 00:00:32]} {[%emt 00:00:02]} 38. Rd7 {[%clk 00:02:42]} {[%emt
00:00:01]} Kh6 {[%clk 00:00:30]} {[%emt 00:00:12]} 39. Rxb7 {[%clk 00:02:13]}
{[%emt 00:00:39]} Re2 {[%clk 00:00:39]} 40. Rf3 {[%clk 00:01:53]} {[%emt
00:00:30]} Bd4+ {[%clk 00:00:32]} {[%emt 00:00:17]} 41. Kf1 {[%clk 00:02:02]}
Rxh2 {[%clk 00:00:37]} {[%emt 00:00:05]} 42. Rbb3 {[%clk 00:01:36]} {[%emt
00:00:36]} Rxa2 {[%clk 00:00:33]} {[%emt 00:00:13]} 43. Rbd3 {[%clk 00:01:34]}
{[%emt 00:00:13]} Ra1+ {[%clk 00:00:23]} {[%emt 00:00:19]} 44. Kg2 {[%clk
00:01:34]} {[%emt 00:00:11]} Rg1+ {[%clk 00:00:32]} 45. Kh2 {[%clk 00:01:42]}
{[%emt 00:00:02]} Bb6 {[%clk 00:00:36]} {[%emt 00:00:06]} 46. Rh3+ {[%clk
00:01:32]} {[%emt 00:00:21]} Kg5 {[%clk 00:00:32]} {[%emt 00:00:12]} 47. Rhg3+
{[%clk 00:01:15]} {[%emt 00:00:28]} Rxg3 {[%clk 00:00:39]} {[%emt 00:00:02]} 48.
Rxg3+ {[%clk 00:01:24]} {[%emt 00:00:02]} Kf5 {[%clk 00:00:46]} {[%emt
00:00:03]} 49. Ra3 {[%clk 00:01:18]} {[%emt 00:00:16]} g5 {[%clk 00:00:54]}
{[%emt 00:00:03]} 50. Kg2 {[%clk 00:01:21]} {[%emt 00:00:07]} Ke4 {[%clk
00:00:50]} {[%emt 00:00:13]} 51. Rg3 {[%clk 00:01:26]} {[%emt 00:00:05]} Be3
{[%clk 00:00:54]} {[%emt 00:00:05]} 52. Kf1 {[%clk 00:00:59]} {[%emt 00:00:38]}
Kf4 {[%clk 00:00:58]} {[%emt 00:00:06]} 53. Rg2 {[%clk 00:01:08]} {[%emt
00:00:01]} g4 {[%clk 00:00:54]} {[%emt 00:00:15]} 54. Rh2 {[%clk 00:00:52]}
{[%emt 00:00:25]} Kf3 {[%clk 00:00:48]} {[%emt 00:00:15]} 55. Rh8 {[%clk
00:00:58]} {[%emt 00:00:04]} g3 {[%clk 00:00:55]} {[%emt 00:00:04]} 56. Rf8+
{[%clk 00:01:06]} {[%emt 00:00:02]} Bf4 {[%clk 00:01:00]} {[%emt 00:00:04]} 57.
Rf5 {[%clk 00:00:18]} {[%emt 00:00:59]} g2+ {[%clk 00:00:48]} {[%emt 00:00:23]}
58. Kg1 {[%clk 00:00:24]} {[%emt 00:00:03]} Kg3 {[%clk 00:00:48]} {[%emt
00:00:09]} 59. Rxf4 {[%clk 00:00:14]} {[%emt 00:00:20]} Kxf4 {[%clk 00:00:57]}
{[%emt 00:00:02]} 60. Kxg2 {[%clk 00:00:24]} Ke3 {[%clk 00:00:52]} {[%emt
00:00:15]} 61. Kf1 {[%clk 00:00:33]} {[%emt 00:00:01]} Kd2 {[%clk 00:01:00]}
{[%emt 00:00:02]} 62. Kg1 {[%emt 00:00:05]} 0-1